000 00493nam a2200217Ia 4500
003 0100
008 130303s9999 xx 000 0 und d
020 _a883447274
040 _cARRUPELIB
050 _aBL410.K751991
100 _aDavid J.Krieger
245 4 _aThe Universalism
245 _bfoundations for a global theology
260 _aNew York
260 _bOrbis Books
260 _C1991
300 _aix
300 _b 219p. 23cm
700 _aDavid J.Krieger
942 0 0 _05
999 _c8864
_d8864